000
00278nam a2200097Ia 4500
001
1207092
005
20250827022818.0
008
250824s9999 xx 000 0 und d
245
0
_a
MUTLULUĞU SENDE BULAN SENİNDİR ÖTESİ MİSAFİR
_c
HAKAN MENGÜÇ
260
_b
DESTEK YAYINLARI
999
_c
1207092
_d
1207092